000 00847cam a2200265 4500
001 2026
003 BD-RjUL
005 20211208233451.0
008 131210r19761972ne 001 0 eng d
020 _a0720431751
035 _a(BD-RjUL)2053
040 _aDLC
_cDLC
_dBD-RjUL
_beng
041 _aeng
082 0 0 _a338
_bJOP 1976
_223
100 1 _aJohansen, Leif.
_96648
245 1 0 _aProduction functions :
_bAn integration of micro and macro, short run and long run aspects /
_cLeif Johansen.
260 _aAmsterdam :
_bNorth-Holland Pub. Co.,
_cc1972 [Printing 1976]
300 _aix, 274 p. ;
_c23 cm.
350 _afl67.60
504 _aBibliography: p. [265]-269.
650 0 _aProduction functions (Economic theory)
_96606
942 _2ddc
_cBK
999 _c2026
_d2026